| 000 | 00613nam a2200145Ia 4500 | ||
|---|---|---|---|
| 008 | 140724s9999 xx 000 0 und d | ||
| 050 |
_aPN 1992.55 _b.B737 2011 |
||
| 100 | _aBorromeo, Joaquin Marco. | ||
| 245 |
_aEffects of using taglish on the programming, strategies, and ratings of the Top Five FM radio stations as perceived by selected communication students in Metro Manila / _cJoaquin Marco Borromeo. |
||
| 260 |
_aLas PiƱas, Philippines : _bSouthville International School and Colleges, _cc2011. |
||
| 300 |
_a47 p. : _bill. ; _c28 cm. |
||
| 521 | _aMass Communication | ||
| 942 | _cTH | ||
| 999 |
_c228934 _d228934 |
||